000 00574nam a2200229Ia 4500
003 OSt
005 20230523110342.0
008 210423s2016 xx 000 0 und d
020 _a978-81-309-3419-8
040 _cAL
041 _aeng
082 _a153.43 RUSI
100 _aRUSSELL (Ken); CARTER (Philip)
_9111101
245 _aIQ tests
260 _aNew Delhi
_bSource Books
_c2016
300 _avi,974
_bPB
365 _b595
_cINR
650 _aMental Process & Intelligence
_9111102
650 _aPsychology
_9111103
906 _aIQ ; tests
942 _2ddc
_cBK
999 _c167908
_d167908